00498nam a2200205Ia 4500003000400000005001700004008004100021020002200062040000700084041000800091082002000099100001800119245002700137250000600164260004300170300001500213365001300228650001400241650003700255OSt20230620094310.0210423s2013 xx 000 0 und d a978-81-224-2408-9 cAL aeng a541.28 PRAQ223 aPRASAD (R K). aQuantum chemistry Ed 4 a4 aNew DelhibNew Age Internationalc2013 axx,566bPB b295cINR aChemistry aPhysical & Theoretical Chemistry